Multiscale simulation methods for nanomaterials

This book stems from the American Chemical Society symposium, Large Scale Molecular Dynamics, Nanoscale, and Mesoscale Modeling and Simulation: Bridging the Gap, that delved into the latest methodologies and applications for largescale, multiscale, and mesoscale modeling and simulation. It presents...

Полное описание

Сохранить в:
Библиографические подробности
Формат:
Язык:Undetermined
Опубликовано: Hoboken, N.J. Wiley-Interscience 2008
Предметы:
Метки: Добавить метку
Нет меток, Требуется 1-ая метка записи!
Thư viện lưu trữ: Trung tâm Học liệu Trường Đại học Cần Thơ
LEADER 01268nam a2200205Ia 4500
001 CTU_165526
008 210402s9999 xx 000 0 und d
020 |c 155 
082 |a 620.11 
082 |b M961 
245 0 |a Multiscale simulation methods for nanomaterials 
245 0 |c edited by Richard B. Ross, Sanat Mohanty 
260 |a Hoboken, N.J. 
260 |b Wiley-Interscience 
260 |c 2008 
520 |a This book stems from the American Chemical Society symposium, Large Scale Molecular Dynamics, Nanoscale, and Mesoscale Modeling and Simulation: Bridging the Gap, that delved into the latest methodologies and applications for largescale, multiscale, and mesoscale modeling and simulation. It presents real-world applications of simulated and synthesized materials, including organic-, inorganic-, bio-, and nanomaterials, and helps readers determine the best method for their simulation. It gets novices up to speed quickly and helps experienced practitioners discover novel approaches and alternatives. 
650 |a Molecular electronics,Nanotechnology,Công nghệ Nano,Phân tử điện tử 
650 |x Simulation methods,Phương pháp mô phỏng 
904 |i Năm 
980 |a Trung tâm Học liệu Trường Đại học Cần Thơ